| 000 | 01004nam0a22002771 4500 | ||
|---|---|---|---|
| 001 | rc\3802509 | ||
| 005 | 20250530055106.0 | ||
| 021 |
_aRU _b[75-72784] |
||
| 035 | _a(NLR Aleph) 007256442 | ||
| 090 |
_a5260791 _c5260791 |
||
| 100 | _a20120311d1975 |||y0rusy50 ca | ||
| 101 | 0 | _arus | |
| 102 | _aRU | ||
| 105 | _ay z ||||| | ||
| 200 | 1 |
_aТелевидение и зритель _e[Учеб. пособие] _fС.А. Иосифян _gВсесоюз. ин-т кинематографии, Кафедра философии и кафедра телевидения |
|
| 210 |
_aМосква _cВГИК _d1975 |
||
| 215 |
_a100 с. _d21 |
||
| 320 | _aСписок лит.: с. 98-99 | ||
| 606 |
_aТелезрители _xСоциологические исследования _2psbo |
||
| 700 | 1 |
_aИосифян _bС.А. _gСергей Александрович |
|
| 801 | 0 |
_aRU _bNLR _gpsbo |
|
| 801 | 1 |
_aRU _bELAR _2rusmarc |
|
| 852 |
_aNLR _j75-6/5349 |
||
| 942 | _cBOOK | ||
| 980 | _aNB | ||